[Event "?"]
[Site "ICS rated blitz match, 192.23"]
[Date "1997.??.??"]
[Round "?"]
[White "Brause"]
[Black "Julius"]
[Result "0-1"]
[WhiteElo "2650"]
[BlackElo "2490"]
[PlyCount "204"]

1. e4 e5 2. Nf3 Nc6 3. Nc3 Nf6 4. Nxe5 Nxe5 5. d4 Ng6 6. e5 Ng8 7. Bc4 d5 8.
Bxd5 c6 9. Be4 Bb4 10. O-O N8e7 11. Ne2 Bf5 12. Ng3 Bxe4 13. Nxe4 O-O 14. c3
Ba5 15. Nd6 Qd7 16. f4 Nf5 17. Nc4 Bb6 18. g4 Nfe7 19. f5 Nh8 20. Nxb6 axb6 21.
f6 Nd5 22. g5 Qh3 23. Qf3 Qxf3 24. Rxf3 Ng6 25. Rh3 b5 26. Bd2 Rfc8 27. Kh1 c5
28. Rd3 cxd4 29. Rxd4 Nb6 30. Rb4 Nc4 31. Be1 Rc5 32. fxg7 Rxe5 33. h4 Rae8 34.
Bg3 Rd5 35. h5 Rxg5 36. hxg6 Rxg3 37. gxf7+ Kxf7 38. Rxb5 Nd6 39. Rb4 Kxg7 40.
Rd1 Re6 41. Rh4 Rgg6 42. Rhd4 b6 43. a3 Nf5 44. Rd7+ Kh6 45. R7d2 Ng3+ 46. Kg1
Ne2+ 47. Kf2 Rgf6+ 48. Kg2 Re5 49. Rd6 Rg5+ 50. Kh1 Rfg6 51. Rxg6+ hxg6 52. c4
Rg4 53. Rd6 Nd4 54. Kh2 Nf3+ 55. Kh3 Kh5 56. Rxb6 Rxc4 57. Kg3 Nd2 58. Rb8 Rg4+
59. Kf2 g5 60. Ke3 Nc4+ 61. Kd3 Ne5+ 62. Ke3 Rg3+ 63. Ke4 Nd3 64. Rh8+ Kg4 65.
Rh2 Nc5+ 66. Kd5 Nb3 67. Ke4 Rg1 68. Re2 Rf1 69. Re3 Nd2+ 70. Kd3 Nf3 71. Ke4
Kg3 72. a4 g4 73. b3 Rd1 74. Rc3 Kf2 75. a5 Rd4+ 76. Kf5 g3 77. Rc2+ Nd2 78. a6
g2 79. a7 g1=Q 80. Rxd2+ Rxd2 81. a8=Q Qb1+ 82. Kf4 Qxb3 83. Qa7+ Ke2 84. Qa6+
Kd1 85. Qa1+ Kc2 86. Qe5 Qc4+ 87. Qe4+ Qxe4+ 88. Kxe4 Kc3 89. Kf5 Re2 90. Kf6
Kd4 91. Kf5 Re1 92. Kf6 Kd5 93. Kf5 Rf1+ 94. Kg6 Ke5 95. Kg5 Rg1+ 96. Kh4 Kf5
97. Kh3 Kf4 98. Kh2 Rg8 99. Kh3 Rg7 100. Kh2 Kf3 101. Kh1 Kf2 102. Kh2 Rh7# 0-1

[Event "?"]
[Site "ICS rated blitz match, 192.23"]
[Date "1997.??.??"]
[Round "?"]
[White "Brause"]
[Black "blunite"]
[Result "1-0"]
[WhiteElo "2595"]
[BlackElo "2295"]
[PlyCount "31"]

1. e4 e5 2. Nf3 Nc6 3. Nc3 Nf6 4. Nxe5 Nxe5 5. d4 Ng6 6. e5 Ng8 7. Bc4 d6 8.
Qf3 Be6 9. Qxb7 Bxc4 10. Qc6+ Ke7 11. exd6+ cxd6 12. Qxc4 Nf6 13. O-O h6 14.
Re1+ Kd7 15. Qxf7+ Kc8 16. Qxg6 1-0

[Event "?"]
[Site "ICS rated blitz match, 192.23"]
[Date "1997.??.??"]
[Round "?"]
[White "Brause"]
[Black "blunite"]
[Result "1-0"]
[WhiteElo "2605"]
[BlackElo "2285"]
[PlyCount "75"]

1. e4 e5 2. Nf3 Nc6 3. Nc3 Nf6 4. Nxe5 Nxe5 5. d4 Nc6 6. d5 Ne5 7. f4 Ng6 8. e5
Ng8 9. d6 cxd6 10. exd6 Qb6 11. Qe2+ Kd8 12. f5 Bxd6 13. fxg6 hxg6 14. h3 Nf6
15. Qd3 Re8+ 16. Be2 Bc5 17. Kd1 Be3 18. Bxe3 Qxe3 19. Qxe3 Rxe3 20. Bc4 Ke7
21. Kd2 Re5 22. Rae1 d6 23. Rxe5+ dxe5 24. Re1 Nd7 25. Nd5+ Kd6 26. Rd1 b5 27.
Bb3 Nc5 28. Ke3 Nxb3 29. cxb3 Rb8 30. Nb4+ Ke6 31. Rd8 Ra8 32. Nd5 Rb8 33. Nc7+
Ke7 34. Rg8 Kf6 35. Re8 g5 36. Nd5+ Kg6 37. Ne7+ Kf6 38. Nxc8 1-0

[Event "?"]
[Site "ICS rated blitz match, 192.23"]
[Date "1997.??.??"]
[Round "?"]
[White "Brause"]
[Black "blunite"]
[Result "1-0"]
[WhiteElo "2610"]
[BlackElo "2280"]
[PlyCount "21"]

1. e4 e5 2. Nf3 Nc6 3. Nc3 Nf6 4. Nxe5 Nxe5 5. d4 Nc6 6. d5 Ne5 7. f4 Nxe4 8.
Nxe4 Ng6 9. Qe2 Qe7 10. d6 Qe6 11. f5 1-0

[Event "?"]
[Site "ICS rated blitz match, 192.23"]
[Date "1997.??.??"]
[Round "?"]
[White "Brause"]
[Black "POTZY"]
[Result "1-0"]
[WhiteElo "2565"]
[BlackElo "2225"]
[PlyCount "79"]

1. e4 e5 2. Nf3 Nc6 3. Nc3 Nf6 4. Nxe5 Nxe5 5. d4 Ng6 6. e5 Ng8 7. Bc4 Bb4 8.
Qf3 Qe7 9. O-O Bxc3 10. bxc3 Nh6 11. Qh5 O-O 12. Bxh6 gxh6 13. Qxh6 Qh4 14.
Qxh4 Nxh4 15. Bd5 Rb8 16. f4 Nf5 17. Rfe1 b6 18. Be4 Ne7 19. d5 Bb7 20. Rad1
Rfe8 21. Rd4 d6 22. Red1 Kg7 23. Rc4 Rbc8 24. Rcd4 Ng6 25. e6 fxe6 26. dxe6
Bxe4 27. Rxe4 Kf6 28. g4 Re7 29. f5 Ne5 30. h3 Kg5 31. Kf2 Rf8 32. Ke3 a5 33.
Rf4 Ng6 34. Rfd4 Nh4 35. Rg1 Rf6 36. Ke4 h5 37. Rd5 hxg4 38. Rxg4+ Kh5 39. Rg8
Kh6 40. Rh8+ 1-0

[Event "?"]
[Site "ICS rated blitz match, 192.23"]
[Date "1997.??.??"]
[Round "?"]
[White "Brause"]
[Black "POTZY"]
[Result "1-0"]
[WhiteElo "2585"]
[BlackElo "2220"]
[PlyCount "37"]

1. e4 e5 2. Nf3 Nc6 3. Nc3 Nf6 4. Nxe5 Nxe5 5. d4 Ng6 6. e5 Ng8 7. Bc4 Bb4 8.
Qf3 Qe7 9. O-O Bxc3 10. bxc3 Nh6 11. g3 O-O 12. Qh5 Kh8 13. Bxh6 gxh6 14. f4 f5
15. exf6 Qxf6 16. Qxh6 c6 17. Rae1 d5 18. f5 dxc4 19. fxg6 1-0

[Event "?"]
[Site "ICS rated blitz match, 192.23"]
[Date "1997.??.??"]
[Round "?"]
[White "Brause"]
[Black "POTZY"]
[Result "1-0"]
[WhiteElo "2585"]
[BlackElo "2215"]
[PlyCount "83"]

1. e4 e5 2. Nf3 Nc6 3. Nc3 Nf6 4. Nxe5 Nxe5 5. d4 Ng6 6. e5 Ng8 7. Bc4 Bb4 8.
Qf3 Qe7 9. O-O Bxc3 10. bxc3 Nh6 11. g3 O-O 12. Qh5 Kh8 13. Bxh6 gxh6 14. f4 f5
15. exf6 Qxf6 16. Qxh6 Qg7 17. Qxg7+ Kxg7 18. Bd3 d5 19. f5 Ne7 20. g4 h6 21.
Rae1 Ng8 22. h4 Bd7 23. g5 hxg5 24. hxg5 Rae8 25. Rxe8 Bxe8 26. Kf2 Bd7 27. Ke3
Re8+ 28. Kf4 b6 29. c4 dxc4 30. Bxc4 Rf8 31. Bd3 c5 32. d5 b5 33. Ke5 c4 34.
f6+ Kf7 35. g6+ Ke8 36. f7+ Ke7 37. d6+ Kd8 38. Bxc4 bxc4 39. g7 Rxf7 40. Rxf7
Be8 41. Rf8 Nh6 42. Ke6 1-0

[Event "?"]
[Site "ICS rated blitz match, 192.23"]
[Date "1997.??.??"]
[Round "?"]
[White "Brause"]
[Black "POTZY"]
[Result "1-0"]
[WhiteElo "2590"]
[BlackElo "2215"]
[PlyCount "47"]

1. e4 e5 2. Nf3 Nc6 3. Nc3 Nf6 4. Nxe5 Nxe5 5. d4 Ng6 6. e5 Ng8 7. Bc4 d5 8.
Bxd5 c6 9. Be4 Be6 10. f4 Bd5 11. Bxd5 cxd5 12. O-O f5 13. Qf3 N8e7 14. Nb5 Nc8
15. Qxd5 Qxd5 16. Nc7+ Kd7 17. Nxd5 Nb6 18. Nxb6+ axb6 19. Rd1 b5 20. Be3 Bb4
21. c3 Ba5 22. d5 Rhd8 23. e6+ Kd6 24. b4 1-0

[Event "?"]
[Site "ICS rated blitz match, 192.23"]
[Date "1997.??.??"]
[Round "?"]
[White "Brause"]
[Black "POTZY"]
[Result "1-0"]
[WhiteElo "2595"]
[BlackElo "2210"]
[PlyCount "89"]

1. e4 e5 2. Nf3 Nc6 3. Nc3 Nf6 4. Nxe5 Nxe5 5. d4 Ng6 6. e5 Ng8 7. Bc4 Bb4 8.
Qf3 Qe7 9. O-O Bxc3 10. bxc3 Nh6 11. g3 O-O 12. Qh5 Kh8 13. Bxh6 gxh6 14. f4 f5
15. exf6 Qxf6 16. Qxh6 Qg7 17. Qxg7+ Kxg7 18. Rab1 c6 19. Bd3 d5 20. f5 Nh8 21.
c4 b6 22. cxd5 cxd5 23. Rbe1 Kf6 24. Bb5 Rb8 25. g4 h6 26. Re5 Rd8 27. Bc6 Nf7
28. Rxd5 Rxd5 29. Bxd5 Bb7 30. Bxb7 Rxb7 31. Re1 Re7 32. Rxe7 Kxe7 33. Kf2 Kf6
34. h4 Nd6 35. Ke3 h5 36. gxh5 Nxf5+ 37. Ke4 Nxh4 38. c3 Nf5 39. Kf4 Nh6 40. c4
Ke6 41. Kg5 Nf7+ 42. Kg6 Nd6 43. h6 Nc8 44. h7 Ne7+ 45. Kg5 1-0

[Event "?"]
[Site "ICS rated blitz match, 192.23"]
[Date "1997.??.??"]
[Round "?"]
[White "Brause"]
[Black "POTZY"]
[Result "1/2-1/2"]
[WhiteElo "2595"]
[BlackElo "2225"]
[PlyCount "98"]

1. e4 e5 2. Nf3 Nc6 3. Nc3 Nf6 4. Nxe5 Nxe5 5. d4 Ng6 6. e5 Ng8 7. Bc4 Bb4 8.
Qf3 Qe7 9. O-O Bxc3 10. bxc3 Nh6 11. g3 O-O 12. Qh5 Kh8 13. Bxh6 gxh6 14. f4 f6
15. f5 Nxe5 16. Rae1 d6 17. dxe5 dxe5 18. Qxh6 Qg7 19. Qxg7+ Kxg7 20. Bd5 c6
21. Be4 Kf7 22. Rd1 Ke7 23. h3 Bd7 24. Rd3 Rfd8 25. g4 Be8 26. Rb1 b6 27. Rbd1
Rxd3 28. cxd3 Rd8 29. Kf2 c5 30. Ke3 Bf7 31. Rd2 h6 32. a3 Rd6 33. d4 cxd4+ 34.
cxd4 exd4+ 35. Rxd4 Rxd4 36. Kxd4 Kd6 37. Ke3 Be8 38. Kf4 a5 39. h4 b5 40. g5
fxg5+ 41. hxg5 hxg5+ 42. Kxg5 b4 43. axb4 axb4 44. Bc2 Bf7 45. Kf6 b3 46. Bxb3
Bxb3 47. Kg7 Bc2 48. f6 Bb3 49. f7 Bxf7 1/2-1/2

[Event "?"]
[Site "ICS rated blitz match, 192.23"]
[Date "1997.??.??"]
[Round "?"]
[White "Brause"]
[Black "POTZY"]
[Result "1/2-1/2"]
[WhiteElo "2585"]
[BlackElo "2235"]
[PlyCount "187"]

1. e4 e5 2. Nf3 Nc6 3. Nc3 Nf6 4. Nxe5 Nxe5 5. d4 Ng6 6. e5 Ng8 7. Bc4 Bb4 8.
Qf3 Qe7 9. O-O Bxc3 10. bxc3 Nh6 11. g3 O-O 12. Qh5 Kh8 13. Bxh6 gxh6 14. f4 f6
15. Qxh6 fxe5 16. f5 Nf4 17. gxf4 e4 18. Qg5 Qg7 19. Bd5 e3 20. Rae1 c6 21. Bb3
d5 22. Rxe3 Bxf5 23. Qxg7+ Kxg7 24. Re7+ Rf7 25. Rxf7+ Kxf7 26. c4 Be4 27. cxd5
cxd5 28. Re1 Kf6 29. Re2 Kf5 30. Bxd5 Bxd5 31. Re5+ Kxf4 32. Rxd5 Rc8 33. Rd7
Rxc2 34. a3 Kf3 35. Rf7+ Ke4 36. Rxb7 Kxd4 37. Rxa7 h5 38. h4 Ra2 39. Ra5 Ke4
40. Rxh5 Rxa3 41. Rh8 Kf3 42. h5 Kg4 43. h6 Kg5 44. Kg2 Kg6 45. Kf2 Rh3 46. Rd8
Rxh6 47. Ke3 Rh3+ 48. Ke4 Rh4+ 49. Ke5 Rh5+ 50. Ke6 Ra5 51. Rg8+ Kh7 52. Rg1
Ra6+ 53. Kf5 Ra5+ 54. Kf6 Ra6+ 55. Ke5 Ra5+ 56. Kd6 Ra6+ 57. Kc5 Ra5+ 58. Kb6
Rh5 59. Kc6 Rf5 60. Rg3 Ra5 61. Rg4 Ra6+ 62. Kd5 Ra5+ 63. Ke6 Ra6+ 64. Kf5 Ra5+
65. Kf6 Ra6+ 66. Ke7 Ra7+ 67. Kd6 Ra6+ 68. Kc5 Ra5+ 69. Kb6 Rf5 70. Kc6 Rf6+
71. Kd5 Rg6 72. Rf4 Kg7 73. Ke5 Rg5+ 74. Ke4 Rg6 75. Rf5 Rf6 76. Rh5 Kf7 77.
Kd5 Rf1 78. Re5 Rd1+ 79. Kc5 Rc1+ 80. Kd4 Rd1+ 81. Kc4 Rc1+ 82. Kd3 Rd1+ 83.
Ke2 Rd6 84. Rc5 Re6+ 85. Kd3 Rd6+ 86. Ke4 Re6+ 87. Kd5 Kf6 88. Kd4 Re7 89. Rc8
Rd7+ 90. Ke4 Re7+ 91. Kd5 Re1 92. Rf8+ Ke7 93. Rf4 Rd1+ 94. Ke5 1/2-1/2

[Event "?"]
[Site "ICS rated blitz match, 192.23"]
[Date "1997.??.??"]
[Round "?"]
[White "Brause"]
[Black "Frank"]
[Result "1-0"]
[WhiteElo "2565"]
[BlackElo "2115"]
[PlyCount "23"]

1. e4 e5 2. Nf3 Nc6 3. Nc3 Nf6 4. Nxe5 Nxe5 5. d4 Nc6 6. d5 Nb8 7. e5 Ng8 8. d6
cxd6 9. exd6 Nf6 10. Nb5 Na6 11. Qe2+ Be7 12. Bg5 1-0

[Event "?"]
[Site "ICS rated blitz match, 192.23"]
[Date "1997.??.??"]
[Round "?"]
[White "Brause"]
[Black "ghost1"]
[Result "1-0"]
[WhiteElo "2590"]
[BlackElo "1940"]
[PlyCount "71"]

1. e4 e5 2. Nf3 Nc6 3. Nc3 Nf6 4. Nxe5 Nxe5 5. d4 Ng6 6. e5 Bb4 7. exf6 Qxf6 8.
Bc4 Bxc3+ 9. bxc3 O-O 10. O-O d6 11. Bd3 Bf5 12. Qf3 Nh4 13. Qxb7 Bxd3 14. cxd3
Rab8 15. Qxc7 Qg6 16. Qc6 Rfc8 17. Qe4 Qxe4 18. dxe4 Rxc3 19. Bf4 Rb6 20. Rfb1
Rc2 21. Rxb6 axb6 22. Bxd6 Ng6 23. d5 f6 24. Kf1 Kf7 25. Rb1 Rxa2 26. Rxb6 Ne5
27. Rb7+ Kg6 28. Bxe5 fxe5 29. Re7 Ra1+ 30. Ke2 Rh1 31. d6 Kf6 32. f4 exf4 33.
e5+ Kg6 34. d7 f3+ 35. gxf3 Rxh2+ 36. Ke3 1-0

[Event "?"]
[Site "ICS rated blitz match, 192.23"]
[Date "1997.??.??"]
[Round "?"]
[White "Brause"]
[Black "Rookco"]
[Result "1-0"]
[WhiteElo "2595"]
[BlackElo "2370"]
[PlyCount "60"]

1. e4 e5 2. Nf3 Nc6 3. Nc3 Nf6 4. Nxe5 Nxe5 5. d4 Ng6 6. e5 Ng8 7. Bc4 d6 8.
Qf3 Be6 9. Qxb7 Be7 10. Nb5 Bxc4 11. Nxc7+ Kf8 12. Nxa8 dxe5 13. Qxa7 Bd5 14.
O-O Qxa8 15. Qxa8+ Bxa8 16. dxe5 Nxe5 17. a4 Nf6 18. a5 h6 19. Re1 Nc6 20. c3
Nd5 21. Rd1 Ne5 22. a6 f6 23. Ra5 Nb6 24. Rb5 Nbd7 25. f4 Bc6 26. Rb7 Bc5+ 27.
Kf1 Ng4 28. Rdxd7 Nxh2+ 29. Ke2 Bxd7 30. Rxd7 h5 1-0

[Event "?"]
[Site "ICS rated blitz match, 192.23"]
[Date "1997.??.??"]
[Round "?"]
[White "Brause"]
[Black "Rookco"]
[Result "1-0"]
[WhiteElo "2610"]
[BlackElo "2355"]
[PlyCount "116"]

1. e4 e5 2. Nf3 Nc6 3. Nc3 Nf6 4. Nxe5 Nxe5 5. d4 Ng6 6. e5 Ng8 7. Bc4 d6 8.
Qf3 Qd7 9. O-O c6 10. exd6 Bxd6 11. Re1+ Kf8 12. Ne4 Nf6 13. Nxf6 gxf6 14. Bh6+
Kg8 15. Qxf6 Bf8 16. Bxf8 Kxf8 17. Re3 Qf5 18. Rf3 Qxf6 19. Rxf6 Be6 20. Bxe6
Ke7 21. Rxf7+ Kxe6 22. Rxb7 Rab8 23. Re1+ Kd6 24. Rxb8 Rxb8 25. b3 a5 26. g3 a4
27. f4 axb3 28. cxb3 Rb4 29. f5 Ne7 30. f6 Ng6 31. f7 Rxd4 32. Re2 Rd5 33. a4
Rf5 34. Rf2 Rxf2 35. Kxf2 Ke7 36. a5 Ne5 37. a6 Nd7 38. a7 Nb6 39. Ke3 c5 40.
Ke4 Kxf7 41. b4 cxb4 42. Kd4 Ke7 43. Kc5 Na8 44. Kxb4 Kd7 45. Kc5 Kc7 46. Kd5
Kb7 47. Ke6 Kxa7 48. Kf6 Kb7 49. Kg7 Kc7 50. Kxh7 Kd7 51. g4 Ke7 52. g5 Nc7 53.
g6 Nd5 54. g7 Nf6+ 55. Kg6 Ng8 56. h4 Ke8 57. h5 Ne7+ 58. Kf6 Ng8+ 1-0

[Event "?"]
[Site "ICS rated blitz match, 192.23"]
[Date "1997.??.??"]
[Round "?"]
[White "Brause"]
[Black "nyul"]
[Result "1-0"]
[WhiteElo "2620"]
[BlackElo "2005"]
[PlyCount "25"]

1. e4 e5 2. Nf3 Nc6 3. Nc3 Nf6 4. Nxe5 Nxe5 5. d4 Bb4 6. dxe5 Nxe4 7. Qg4 Nxc3
8. Qxb4 Nd5 9. Qg4 Rg8 10. Bg5 f6 11. Bc4 Qe7 12. Bxd5 Qxe5+ 13. Qe2 1-0

[Event "?"]
[Site "ICS rated blitz match, 192.23"]
[Date "1997.??.??"]
[Round "?"]
[White "Brause"]
[Black "oldtimer"]
[Result "1-0"]
[WhiteElo "2615"]
[BlackElo "1745"]
[PlyCount "87"]

1. e4 e5 2. Nf3 Nc6 3. Nc3 Nf6 4. Nxe5 Nxe5 5. d4 Ng6 6. e5 Ng8 7. Bc4 d5 8.
Bxd5 c6 9. Be4 f5 10. exf6 Nxf6 11. Bg5 Bb4 12. Qd3 Bxc3+ 13. bxc3 Kf7 14. O-O
Qd6 15. Bf3 Be6 16. c4 Rad8 17. Rfd1 Rhe8 18. d5 Bd7 19. Qb3 Qc7 20. d6 Qb6 21.
Qa3 Qa6 22. Qxa6 bxa6 23. Re1 Rxe1+ 24. Rxe1 Rb8 25. Bc1 Rb1 26. c5 Ne5 27. Be2
Be6 28. a3 Ned7 29. Bd2 Rxe1+ 30. Bxe1 Nxc5 31. Bb4 Nfd7 32. Bh5+ g6 33. Bf3
Bd5 34. Be2 h5 35. Kf1 a5 36. Bxa5 Nb7 37. Bc7 Ndc5 38. f3 Be6 39. h3 Ke8 40.
Bb8 a5 41. g4 Kd7 42. h4 Nxd6 43. Ba7 Ndb7 44. Kf2 1-0

[Event "?"]
[Site "ICS rated blitz match, 192.23"]
[Date "1997.??.??"]
[Round "?"]
[White "Brause"]
[Black "oldtimer"]
[Result "0-1"]
[WhiteElo "2620"]
[BlackElo "2630"]
[PlyCount "134"]

1. e4 e5 2. Nf3 Nc6 3. Nc3 Nf6 4. Nxe5 Nxe5 5. d4 Ng6 6. e5 Ng8 7. Bc4 d5 8.
Bxd5 c6 9. Be4 f5 10. exf6 Nxf6 11. Bg5 Bb4 12. Qd3 Bxc3+ 13. bxc3 Kf7 14. O-O
Qd6 15. Bf3 Be6 16. c4 Rad8 17. Rfd1 Bc8 18. c3 Rhe8 19. Re1 Qd7 20. Bxf6 gxf6
21. d5 Kg7 22. Qd4 Rxe1+ 23. Rxe1 Re8 24. Rxe8 Qxe8 25. Be4 b6 26. dxc6 Qe7 27.
h3 Nf8 28. Bd5 Qe5 29. c5 Qxd4 30. cxd4 bxc5 31. dxc5 Ne6 32. g4 Nxc5 33. Bc4
h6 34. f4 Kf8 35. Kf2 Ke7 36. Be2 Kd6 37. Bf3 Nd3+ 38. Ke3 Nb4 39. a4 Nxc6 40.
h4 Ne7 41. g5 Nf5+ 42. Kf2 fxg5 43. hxg5 hxg5 44. fxg5 Ke5 45. Bc6 Kf4 46. g6
Ng7 47. Bd5 Kg5 48. Ke3 Kxg6 49. Ke4 Kf6 50. a5 Nf5 51. Bc6 Ke6 52. Bd5+ Kd6
53. Bf7 Kc5 54. Ke5 Nd6 55. Bd5 Bb7 56. Be6 Bc6 57. Bb3 Nb7 58. a6 Nd6 59. Kf6
Bb5 60. Ke5 Bxa6 61. Bc2 Bb5 62. Kf6 Nc4 63. Bd3 a5 64. Bb1 a4 65. Ba2 Nd2 66.
Be6 Bc4 67. Bf5 a3 0-1

[Event "?"]
[Site "ICS rated blitz match, 192.23"]
[Date "1997.??.??"]
[Round "?"]
[White "Brause"]
[Black "oldtimer"]
[Result "0-1"]
[WhiteElo "2615"]
[BlackElo "2770"]
[PlyCount "120"]

1. e4 e5 2. Nf3 Nc6 3. Nc3 Nf6 4. Nxe5 Nxe5 5. d4 Ng6 6. e5 Ng8 7. Bc4 d5 8.
Bxd5 c6 9. Be4 f5 10. exf6 Nxf6 11. Bg5 Bb4 12. Qd3 Bxc3+ 13. bxc3 Kf7 14. O-O
Qd6 15. Bxf6 gxf6 16. Rfe1 Rf8 17. c4 Kg7 18. d5 c5 19. Qg3 Qxg3 20. hxg3 Bd7
21. d6 Bc6 22. Bxc6 bxc6 23. Rad1 Rad8 24. f3 Rd7 25. Re3 Rfd8 26. Ra3 Ne5 27.
Ra4 Nf7 28. Ra5 Rxd6 29. Rxd6 Rxd6 30. a4 Rd7 31. Rxc5 Nd8 32. Kf1 Rd2 33. c3
Rd7 34. Ke2 Kf7 35. Rh5 Kg6 36. g4 Nb7 37. Ke3 Re7+ 38. Kd4 Re2 39. Rh1 Rd2+
40. Ke3 Ra2 41. Rb1 Nc5 42. a5 Rxa5 43. f4 Na4 44. Kd2 Nb6 45. Kd3 Ra2 46. Rg1
Ra4 47. Rb1 Ra2 48. Rg1 c5 49. g3 Na4 50. Re1 Rg2 51. Re3 Nb2+ 52. Ke4 Nxc4 53.
Rd3 Rd2 54. Rf3 a5 55. Rf1 a4 56. Rb1 Rb2 57. Ra1 Nb6 58. Re1 a3 59. Ra1 a2 60.
Kf3 Na4 0-1

[Event "?"]
[Site "ICS rated blitz match, 192.23"]
[Date "1997.??.??"]
[Round "?"]
[White "Brause"]
[Black "Somebody"]
[Result "1-0"]
[WhiteElo "2625"]
[BlackElo "2035"]
[PlyCount "63"]

1. e4 e5 2. Nf3 Nc6 3. Nc3 Nf6 4. Nxe5 Nxe5 5. d4 Ng6 6. e5 Ng8 7. Bc4 d5 8.
Bxd5 N8e7 9. Bb3 Be6 10. d5 Nxd5 11. Bxd5 Bxd5 12. Nxd5 Nxe5 13. Bf4 Bd6 14.
Qd4 f6 15. O-O-O O-O 16. Nxc7 Qxc7 17. Qxd6 Rac8 18. Qxc7 Rxc7 19. Bxe5 fxe5
20. f3 Rfc8 21. c3 b5 22. a3 a5 23. Kb1 b4 24. axb4 axb4 25. cxb4 Rc2 26. Rc1
R2c4 27. b5 Kf7 28. b6 Ke6 29. b7 Rxc1+ 30. Rxc1 Rb8 31. Rc7 Kd6 32. Rxg7 1-0

[Event "?"]
[Site "ICS rated blitz match, 192.23"]
[Date "1997.??.??"]
[Round "?"]
[White "Brause"]
[Black "Somebody"]
[Result "1-0"]
[WhiteElo "2625"]
[BlackElo "2035"]
[PlyCount "95"]

1. e4 e5 2. Nf3 Nc6 3. Nc3 Nf6 4. Nxe5 Nxe5 5. d4 Ng6 6. e5 Ng8 7. Bc4 Bb4 8.
Qf3 Qe7 9. O-O Bxc3 10. bxc3 Nh6 11. g3 O-O 12. Qh5 d5 13. Bxd5 c6 14. Bf3 Nf5
15. Be4 Nh6 16. Bxh6 gxh6 17. Rfb1 Qg5 18. Qxg5 hxg5 19. f3 Ne7 20. c4 Rd8 21.
c3 b6 22. d5 cxd5 23. cxd5 Nxd5 24. c4 Nc7 25. Bxa8 Nxa8 26. Rd1 Re8 27. Rac1
Be6 28. c5 bxc5 29. Rxc5 Bxa2 30. Ra1 Be6 31. Rxa7 Nb6 32. Rcc7 Rd8 33. h4 h6
34. hxg5 hxg5 35. Rab7 Nc4 36. f4 gxf4 37. gxf4 Rd2 38. Rb8+ Kg7 39. f5 Bd5 40.
e6 Rg2+ 41. Kf1 Ne3+ 42. Ke1 Bf3 43. Rxf7+ Kh6 44. Rh8+ Kg5 45. Rg8+ Kf4 46.
Rxg2 Nxg2+ 47. Kd2 Bg4 48. e7 1-0

[Event "?"]
[Site "ICS rated blitz match, 192.23"]
[Date "1997.??.??"]
[Round "?"]
[White "Brause"]
[Black "blunite"]
[Result "1-0"]
[WhiteElo "2590"]
[BlackElo "2300"]
[PlyCount "103"]

1. e4 e5 2. Nf3 Nc6 3. Nc3 Nf6 4. Nxe5 Nxe5 5. d4 Bb4 6. dxe5 Nxe4 7. Qg4 d5 8.
Qxg7 Rf8 9. Qxh7 Nxc3 10. a3 Ba5 11. Bd2 c6 12. Bxc3 Bxc3+ 13. bxc3 Qa5 14. Qd3
Bf5 15. Qd2 O-O-O 16. Bd3 Bxd3 17. cxd3 d4 18. cxd4 Qd5 19. Qf4 Qxg2 20. O-O-O
Qd5 21. Kd2 Qa2+ 22. Ke3 a6 23. Ra1 Qd5 24. h4 f6 25. Qf5+ Kb8 26. Qe4 fxe5 27.
Qxe5+ Ka7 28. Qxd5 Rxd5 29. h5 Rh8 30. h6 Rd6 31. f4 Rdxh6 32. Rxh6 Rxh6 33. f5
Kb8 34. Rg1 Kc7 35. Rg7+ Kd6 36. Rxb7 Rh3+ 37. Kf4 Rxd3 38. f6 Rxd4+ 39. Kg5
Rd1 40. f7 Rg1+ 41. Kf6 Rf1+ 42. Kg7 Rg1+ 43. Kf8 c5 44. Ra7 c4 45. Rxa6+ Kd7
46. Ra7+ Kd6 47. Re7 Rb1 48. Re3 Kd7 49. Re4 c3 50. Rd4+ Ke6 51. Rc4 Rb3 52.
Kg8 1-0

[Event "?"]
[Site "ICS rated blitz match, 192.23"]
[Date "1997.??.??"]
[Round "?"]
[White "Brause"]
[Black "oldtimer"]
[Result "1-0"]
[WhiteElo "2575"]
[BlackElo "2840"]
[PlyCount "69"]

1. e4 e5 2. Nf3 Nc6 3. Nc3 Nf6 4. Nxe5 Nxe5 5. d4 Ng6 6. e5 Ng8 7. Bc4 d5 8.
Bxd5 c6 9. Bb3 Bb4 10. O-O Bxc3 11. Qf3 Be6 12. Bxe6 fxe6 13. Qxc3 N8e7 14. Qb4
Qd7 15. Bg5 O-O 16. Qd6 Rad8 17. Qxd7 Rxd7 18. c3 h6 19. Bxe7 Rxe7 20. f3 Ref7
21. Rfe1 Rd7 22. Kf1 a5 23. Re4 Rf4 24. Rae1 Rxe4 25. Rxe4 Rf7 26. Ke2 a4 27.
g3 b5 28. Rg4 Ne7 29. f4 Rf8 30. Kd3 Rb8 31. Rh4 Kh7 32. Rh3 Ng6 33. Ke4 Rf8
34. Rh5 Ne7 35. Kd3 1-0

[Event "?"]
[Site "ICS rated blitz match, 192.23"]
[Date "1997.??.??"]
[Round "?"]
[White "Brause"]
[Black "oldtimer"]
[Result "0-1"]
[WhiteElo "2580"]
[BlackElo "2715"]
[PlyCount "162"]

1. e4 e5 2. Nf3 Nc6 3. Nc3 Nf6 4. Nxe5 Nxe5 5. d4 Ng6 6. e5 Ng8 7. Bc4 d5 8.
Bxd5 c6 9. Bb3 Bb4 10. O-O Bxc3 11. Qf3 Be6 12. Qxc3 N8e7 13. Bg5 Qd7 14. Bxe6
fxe6 15. Qb4 O-O 16. Qd6 Rad8 17. Qxd7 Rxd7 18. c3 h6 19. Bc1 b5 20. f3 Nd5 21.
g3 c5 22. dxc5 Nxe5 23. f4 Nd3 24. c6 Rc7 25. Rd1 Nxc1 26. Rdxc1 Rxc6 27. a4 a6
28. axb5 axb5 29. Ra7 Rfc8 30. Re1 R8c7 31. Rxc7 Nxc7 32. Rd1 Nd5 33. Ra1 b4
34. cxb4 Nxb4 35. b3 Rc7 36. Ra4 Nd5 37. Rd4 g6 38. Rd2 Rc3 39. Rb2 Nb4 40. Kg2
Rc2+ 41. Rxc2 Nxc2 42. g4 Kf7 43. g5 h5 44. Kg3 Ke7 45. Kf2 Kd6 46. Kg3 Kd5 47.
Kf2 Ke4 48. Kg3 Ke3 49. h3 Ke4 50. Kg2 Kxf4 51. Kf2 Ke4 52. Ke2 Nd4+ 53. Kf2
Nxb3 54. Kg2 Ke3 55. Kg3 Nd4 56. Kg2 Ke2 57. Kg3 e5 58. Kg2 Nf5 59. h4 e4 60.
Kg1 Nxh4 61. Kh2 Kf2 62. Kh1 e3 63. Kh2 e2 64. Kh3 Nf5 65. Kh2 e1=N 66. Kh3 Ng2
67. Kh2 Nf4 68. Kh1 Nh3 69. Kh2 Nxg5 70. Kh1 Ne4 71. Kh2 g5 72. Kh1 g4 73. Kh2
h4 74. Kh1 Kf3 75. Kh2 Ne3 76. Kg1 g3 77. Kh1 h3 78. Kg1 Nf6 79. Kh1 Nfg4 80.
Kg1 h2+ 81. Kh1 g2# 0-1

[Event "?"]
[Site "ICS rated blitz match, 192.23"]
[Date "1997.??.??"]
[Round "?"]
[White "Brause"]
[Black "oldtimer"]
[Result "0-1"]
[WhiteElo "2575"]
[BlackElo "2770"]
[PlyCount "104"]

1. e4 e5 2. Nf3 Nc6 3. Nc3 Nf6 4. Nxe5 Nxe5 5. d4 Ng6 6. e5 Ng8 7. Bc4 d5 8.
Bxd5 c6 9. Bb3 Bb4 10. O-O Bxc3 11. Qf3 Be6 12. Qxc3 N8e7 13. Bg5 O-O 14. Bxe6
fxe6 15. Qc5 Qd7 16. Qd6 Rad8 17. Qxd7 Rxd7 18. c3 Nd5 19. g3 c5 20. Rac1 cxd4
21. cxd4 Nb4 22. Be3 Nc6 23. Rfd1 Rd5 24. Rd2 Rfd8 25. Rcd1 h5 26. Kf1 Nge7 27.
f3 Nf5 28. Bg5 R8d7 29. Kg2 Rxd4 30. Rxd4 Rxd4 31. Rxd4 Nfxd4 32. f4 Nb4 33. a3
Nd3 34. b4 Nc2 35. a4 Ncxb4 36. Be7 Nd5 37. Bd8 b6 38. Kf3 Nc5 39. a5 b5 40.
Bg5 g6 41. Ke2 b4 42. Kd1 b3 43. Kd2 Na4 44. f5 gxf5 45. Ke1 b2 46. Kf2 b1=Q
47. Bh6 Qc2+ 48. Kg1 Nac3 49. h4 Ne4 50. Kh1 Qf2 51. Bf4 Ne3 52. Bxe3 Nxg3# 0-1

[Event "?"]
[Site "ICS rated blitz match, 192.23"]
[Date "1997.??.??"]
[Round "?"]
[White "Brause"]
[Black "unicorn"]
[Result "1-0"]
[WhiteElo "2555"]
[BlackElo "2220"]
[PlyCount "37"]

1. e4 e5 2. Nf3 Nc6 3. Nc3 Nf6 4. Nxe5 Nxe5 5. d4 Nc6 6. d5 Ne5 7. f4 Nc4 8.
Bxc4 Bb4 9. Qe2 c6 10. Bd2 Bxc3 11. Bxc3 cxd5 12. exd5+ Qe7 13. Qxe7+ Kxe7 14.
O-O-O d6 15. Rhe1+ Kd8 16. Re3 Bg4 17. Rde1 Re8 18. Bxf6+ Re7 19. Rxe7 1-0

[Event "?"]
[Site "ICS rated blitz match, 192.23"]
[Date "1997.??.??"]
[Round "?"]
[White "Brause"]
[Black "Horatius"]
[Result "1-0"]
[WhiteElo "2555"]
[BlackElo "2455"]
[PlyCount "41"]

1. e4 e5 2. Nf3 Nc6 3. Nc3 Nf6 4. Nxe5 Nxe5 5. d4 Nc6 6. d5 Ne5 7. f4 Ng6 8. e5
Ng8 9. d6 cxd6 10. exd6 Qh4+ 11. g3 Qf6 12. Nb5 Kd8 13. Be3 Qxb2 14. Bd4 Qb4+
15. c3 Qa5 16. Qb3 f6 17. Qf7 Nh6 18. Bxf6+ gxf6 19. Qxf6+ Ke8 20. Bd3 Ng4 21.
Nc7+ 1-0